000 00701nam a2200277Ia 4500
005 20260324121948.0
008 008 260324s9999 xx 000 0 eng d
020 _a9780429098765
037 _aEBOOK
040 _aCRL
040 _beng
040 _cCRL
041 _2eng
041 _aeng
084 _qCRL
100 _aChengtie Wu; Jiang Chang; Yin Xiao
_91164570
245 0 _aAdvanced Bioactive Inorganic Materials for Bone Regeneration and Drug Delivery
260 _bTaylor and Francis
260 _c2013
365 _a
365 _b400
856 _uhttp://www.taylorfrancis.com/books/9780429098765
942 _cEBOOK
999 _c1756978
_d1756978